| Tag |
First Indicator |
Second Indicator |
Subfields |
| LEADER |
00000cam a2200000 4500 |
| 001 |
in00000063182 |
| 005 |
20210821063222.0 |
| 008 |
740626s1963 dcu b 00000 eng u |
| 010 |
|
|
|a 64001070
|
| 035 |
|
|
|a (OCoLC)00929715
|
| 035 |
|
|
|9 AAG9580AM
|
| 040 |
|
|
|c MIA
|d TXA
|d UtOrBLW
|
| 049 |
|
|
|a TXAM
|c [404227]
|
| 050 |
|
0 |
|a HD82
|b .C5744 1963a
|
| 082 |
0 |
|
|a 309.22082
|
| 092 |
|
|
|a 309.22
|b C748d
|
| 111 |
2 |
|
|a Conference on Middle Eastern Affairs
|n (17th :
|d 1963 :
|c Washington, D.C.)
|
| 245 |
1 |
0 |
|a Developmental revolution :
|b North Africa, Middle East, South Asia /
|c Edited with an introd. by William R. Polk.
|
| 264 |
|
1 |
|a Washington :
|b Middle East Institute,
|c 1963.
|
| 300 |
|
|
|a viii, 269 pages ;
|c 24 cm.
|
| 336 |
|
|
|a text
|b txt
|2 rdacontent
|
| 337 |
|
|
|a unmediated
|b n
|2 rdamedia
|
| 338 |
|
|
|a volume
|b nc
|2 rdacarrier
|
| 500 |
|
|
|a Modification of papers read at the 17th annual conference held by the Middle East Institute.
|
| 504 |
|
|
|a Includes bibliographical references.
|
| 650 |
|
0 |
|a Economic development
|v Congresses.
|
| 651 |
|
0 |
|a Developing countries
|v Congresses.
|
| 650 |
|
0 |
|a Economic assistance, American.
|
| 700 |
1 |
|
|a Polk, William R.
|q (William Roe),
|d 1929-2020.
|
| 710 |
2 |
|
|a Middle East Institute (Washington, D.C.)
|
| 999 |
|
|
|a MARS
|
| 999 |
f |
f |
|s e5bc366c-eba1-37b6-93e3-556fdcfe5505
|i 45420744-a9b6-3b3a-a4b9-0f508d23b62c
|t 0
|
| 952 |
f |
f |
|p ric
|a Texas A&M University
|b Rellis Campus
|c Joint Library Facility
|d Remote Storage
|t 0
|e HD82 .C5744 1963a
|h Library of Congress classification
|i unmediated -- volume
|m A14800651492
|
| 998 |
f |
f |
|a HD82 .C5744 1963a
|t 0
|l Remote Storage
|